LEADER 00978nam2-2200325---450- 001 990009761540403321 005 20131017105922.0 035 $a000976154 035 $aFED01000976154 035 $a(Aleph)000976154FED01 035 $a000976154 100 $a20130918d2008----km-y0itay50------ba 101 0 $aita 102 $aIT 105 $aa-------001yy 200 1 $a<<4.: La >>provincia di Viterbo$fa cura di Sofia Boesch Gajano ; Letizia Ermini Pani 210 $aRoma$cs.n.$d2008$gTip. della pace 215 $a2 v.$cill.$d28 cm 461 0$1001000976143$12001$a<> santi patroni del lazio$v04 676 $a398.09 702 1$aBoesch Gajano,$bSofia 702 1$aPani Ermini,$bLetizia 801 0$aIT$bUNINA$gRICA$2UNIMARC 901 $aBK 912 $a990009761540403321 952 $a398.09 SAN 1 (4.1)$bBibl. 63376$fFLFBC 952 $a398.09 SAN 1 (4.2)$bBibl. 63377$fFLFBC 959 $aFLFBC 996 $aProvincia di Viterbo$9682994 997 $aUNINA LEADER 01457nam0 22003011i 450 001 UON00381989 005 20231205104532.216 100 $a20100531d1984 |0itac50 ba 101 $aita 102 $aIT 105 $a|||| ||||| 200 1 $aQuattro mesi fra i briganti, 1865-66$fJohann Jakob Lichtensteiger$ga cura di Ugo Di Pace$gcon un saggio su Raffaele Del Pozzo fotografo dei briganti - Cava dei Tirreni$eAvagliano, 1984 - 183 p. : ill. ; 24 cm 210 $aTit. orig.: Vier Monate unter den Briganten in den Abruzzen - Trad. di Brigida Corrado, Antonella Chiellini. 312 $aTitolo originale$9UON00382415 410 1$1001UON00381991$12001 $aˆLa ‰memoria e l'immagine 500 0$3UON00382415$aVier Monate unter den Briganten in den Abruzzen$943715 606 $aBRIGANTAGGIO$xStoria$x1865-1866$3UONC075779$2FI 620 $aIT$dCava dei Tirreni$3UONL001948 676 $a364.154$cSequestro di persone$v22 700 1$aLICHTENSTEIGER$bJohann Jakob$3UONV197143$0223758 702 1$aDI PACE$bUgo$3UONV197144 712 $aAvagliano$3UONV251796$4650 801 $aIT$bSOL$c20240220$gRICA 899 $aSIBA - SISTEMA BIBLIOTECARIO DI ATENEO$2UONSI 912 $aUON00381989 950 $aSIBA - SISTEMA BIBLIOTECARIO DI ATENEO$dSI FS 04092 $eSI FP 2778 5 996 $aVier Monate unter den Briganten in den Abruzzen$943715 997 $aUNIOR